Statistiques concernant Nekfeu: n'oubliez pas les paroles

Cliquez ici pour prendre le quiz!

Statistiques générales

  • Ce quiz a été pris 1 742 fois
  • Le résultat moyen est 5 sur 10

Statistiques - réponses

TitreDébut de la phraseFin de la phrase% Correct
GalatéeTu me diras non quand j'te demanderai si tu m'aimes...et c'est un non bien plus précieux qu'un oui
78%
1er rôleTu peux être un acteur important du film de ma vie...mais tu n'auras jamais le premier rôle
74%
EgérieJ'ai dit non merci, j'ai monté ma propre marque...et rappelez moi de rappeler votre égérie
52%
PrincesseJ'aime tes collants effilés...te compare pas à des filles laides
43%
SquaT'écoutais pas de rap avant les RC...tu ferais mieux de me remercier
42%
EsquimauxScooter des neiges en Y...voilà l'incipit
42%
Nique les clones pt.IIFaut jamais céder à la pression du groupe...D't'façons quand tu fais du mal au fond tu ressens du doute
41%
TempêteLes accusés sont sur l'banc et transpirent comme au sauna...les mères pleurent comme Solaar
36%
SaturneRare comme de pouvoir terminer c'film...quand t'as invité une fille pour une soirée Netflix
32%
Gère tes affairesCeux qui respectent le règlementne le respectent pas correctement
27%

Distribution des résultats

Percentile par nombre de réponses

% des personnes avec chaque résultat

Votre développement - résultats

Vous n’avez pas pris ce quiz